000 00396nam a2200133Ia 4500
008 220217s9999||||xx |||||||||||||| ||und||
020 _a978-0-07-4633551-3
082 _a005.43 CRO
100 _aCrowley, Charles
_95654
245 0 _aOperation systems: a design oriented approach
260 _aTata mcgraw hill company Ltd
_bNew Delhi
_c2008
300 _b425
650 _aOperating systems
999 _c176724
_d176724